| 000 | 01008cas a2200241 i 4500 | ||
|---|---|---|---|
| 003 | BD-RjUL | ||
| 005 | 20220118154230.0 | ||
| 008 | 930413u1995uuuumu bx p f0 0ara | ||
| 035 | _a(OCoLC) | ||
| 040 |
_aINU _beng _erda _cINU _dOCLCQ _dOCLCF |
||
| 041 | 0 | _aara | |
| 130 | 0 |
_6880-01 _aDīwān (Nouakchott, Mauritania) _9799 |
|
| 245 | 1 | 3 |
_a الديوان :علي بن أبي طالب بن عبد المطلب الهاشمي. ;; Diwan: Ali bin Abi Talib bin Abdul Muttalib Al Hashemi / _pbieumdat albayan ;; بعمدة البيان _cMukhtar Ali bin Muhammad Ali |
| 246 | 1 | 3 | _aAd-diwan |
| 264 | 1 |
_aديوبند، الهند : ،: _bكتب خانه أمداديه, _c1995- |
|
| 300 |
_a135 ; _b ; _c30 cm |
||
| 500 | _a"Majallah taḥlīlīyah ikhbārīyah fī al-shuʼūn al-iqtiṣādīyah wa-al-ijtimāʻīyah." | ||
| 500 | _aTitle from cover. | ||
| 650 |
_aArabic Poetry _vIslam _9800 |
||
| 942 |
_2ddc _cBK |
||
| 999 |
_c79214 _d79214 |
||